00420nam a22001457a 450000500170000000800410001702000150005804100120007308200120008510000120009724500520010926000560016130000320021765000250024920240925073942.0240925b |||||||| |||| 00| 0 eng d a0409004332 aEnglish a349 JOU lEnglish aThe Law of South Africa / cedited by JA Faris  aDurban: bButterworth Publishers (Pty) Ltd, c1995  bxxiii, 678 pages; c26 cm.  aLegal practice bLaw